Účtovníctvo a opravné položky
Eliminácia rizík nadhodnotenia majetku pomocou korekcií, ktorých uplatnenie determinujú opatrenia Ministerstva financií SR. Ustanovenia a postupy pre podnikateľov účtujúcich v sústave podvojného účtovníctva a tvorba opravných položiek.
Uložené v:
| Hlavný autor: | |
|---|---|
| Médium: | Kapitola |
| Jazyk: | Slovak |
| Predmet: | |
| Tagy: |
Žiadne tagy, Buďte prvý, kto otaguje tento záznam!
|
MARC
| LEADER | 00000naa a2200000 4500 | ||
|---|---|---|---|
| 001 | 0141609 | ||
| 005 | 20231006073147.0 | ||
| 041 | 0 | |a slo | |
| 044 | |a SK | ||
| 245 | 1 | 0 | |a Účtovníctvo a opravné položky |c Emília Rybárová |
| 520 | |a Eliminácia rizík nadhodnotenia majetku pomocou korekcií, ktorých uplatnenie determinujú opatrenia Ministerstva financií SR. Ustanovenia a postupy pre podnikateľov účtujúcich v sústave podvojného účtovníctva a tvorba opravných položiek. | ||
| 610 | 2 | 0 | |a podnik |
| 610 | 2 | 0 | |a podnikatelia |
| 610 | 2 | 0 | |a účtovníctvo podvojné |
| 610 | 2 | 0 | |a položky opravné |
| 610 | 2 | 0 | |a pravidlá účtovné |
| 610 | 2 | 0 | |a oceňovanie |
| 610 | 2 | 0 | |a majetok |
| 610 | 2 | 0 | |a imanie vlastné |
| 610 | 2 | 0 | |a výkazníctvo účtovné |
| 610 | 2 | 0 | |a súvaha |
| 100 | 1 | |a Rybárová, Emília | |